Statistics for NFL 2019 Quiz

Click here to take the quiz!

General Stats

  • This quiz has been taken 620 times
  • The average score is 8 of 15

Answer Stats

HintAnswer% Correct
Who is tied with Patriots for most SB winsSteelers
92%
Americas TeamCowboys
79%
What city the Raiders will play in next yearLas Vegas
67%
What city did the Rams used to play inSt Louis
66%
GM for the Broncos who was also a Bronco legendElway
64%
What the Titans used to be calledOilers
63%
Only team to got undefeated and win the SBDolphins
62%
First pick in the 2018 NFL draftBrowns
58%
Nickname for the Field Goal PostsUprights
49%
First Pick to the Browns in the 2017 NFL draftMyles Garret
41%
Highest paid defensive playerDonald
34%
Backup Quaterback for the ColtsBrissett
32%
2 Teams the went 0-16Browns and Lions
24%
Highest paid NFL playerRodgers
12%
Highest Paid NFL cornerNorman
7%

Score Distribution

Percentile by Number Answered

Percent of People with Each Score

Your Score History

You have not taken this quiz